Normal view MARC view

Entry Personal Name

Number of records used in: 2

001 - CONTROL NUMBER

  • control field: 80039

003 - CONTROL NUMBER IDENTIFIER

  • control field: dpl

005 - DATE AND TIME OF LATEST TRANSACTION

  • control field: 20250401130811.0

008 - FIXED-LENGTH DATA ELEMENTS

  • fixed length control field: 250401|| aca||aabn | a|a d

040 ## - CATALOGING SOURCE

  • Original cataloging agency: dpl
  • Transcribing agency: dpl

100 ## - HEADING--PERSONAL NAME

  • Personal name: LAL K.S

670 ## - SOURCE DATA FOUND

  • Source citation: Work cat.: (dpl)210596: LAL K.S., Growth Of Scheduled Tribes And Castes In Medieval INDIA /

© Delhi Public Library
Hit Counter
free hit counter